| 000 | 01009nam a22003137a 4500 | ||
|---|---|---|---|
| 001 | BR9903433 | ||
| 003 | BR-BrBNA | ||
| 005 | 20230928100257.0 | ||
| 007 | ta | ||
| 008 | 230509b bl.||||| |||| 00| 0 por d | ||
| 040 |
_aBR-BrBNA _bpor _cBiblioteca Nacional de Agricultura |
||
| 041 | _a(Por) | ||
| 072 |
_aH10 _b1190 |
||
| 090 | _ 1190 BR9903433 | ||
| 100 | 1 | _aGuimaraes, J.A. | |
| 110 | 1 |
_aEscola Superior de Agricultura Luiz de Queiroz, Piracicaba, SP (Brasil) _0Tese (Mestre em Ciencias) |
|
| 245 | 1 | _aEspecies de Eucoilinae (Hymenoptera: Figitidae)parasitoides de larvas frugivoras (Diptera: Tephritidae e Lonchaeidae)no Brasil | |
| 260 | 3 |
_aPiracicaba, SP (Brasil): _c1998. |
|
| 300 | _a86 p. | ||
| 500 | _aSummaries (Eng, Por); Bibliography p. 74-86; 14 illus.; 7 tables | ||
| 650 | _aCarambola | ||
| 650 | _aHimenoptero | ||
| 650 | _aDiptera | ||
| 650 | _aBiologia | ||
| 650 | _aControle Biologico | ||
| 650 | _aParasitismo | ||
| 909 |
_a202309 _bLucia _c55 _dLucia Elande |
||
| 942 | _cBK | ||
| 999 |
_c60796 _d60796 |
||